| 000 | 01048nam a2200229 i 4500 | ||
|---|---|---|---|
| 001 | 154506 | ||
| 003 | ES-MaACL | ||
| 005 | 20250808005708.0 | ||
| 008 | 950103s1852 sp |||| | spa d | ||
| 040 |
_aEUS _bspa _cEUS |
||
| 100 | 1 |
_aGóngora Marmolejo, Alonso de. _9127729 |
|
| 245 | 1 | 1 |
_a[Historia de Chile _b: desde su descubrimiento hasta el año de 1575 / _ccompuesta por el Capitán Alonso de Góngora Marmolejo]. |
| 260 |
_aMadrid : _bReal Academia de la Historia, _c1852 ( _fImprenta de la Real Academia de la Historia) |
||
| 300 |
_aXXVII, 511 p. ; _c23 cm. |
||
| 490 | 1 |
_aMemorial histórico español ; _v4 |
|
| 505 | 8 | _aContiene: Las páginas con números romanos las actas de la Academia en los seis primeros meses de 1852, el texto a partir de la p. 1 | |
| 651 | 4 |
_aChile- _xHistoria- _y1535-1560, descubrimiento y conquista. _98039 |
|
| 651 | 4 |
_aChile- _xHistoria- _y1560-1810, Época colonial. _9153615 |
|
| 830 | 0 | 0 |
_aMemorial histórico español _v4 _9187759 |
| 852 |
_aES-MaACL _jC-19309 |
||
| 999 |
_c154506 _d154506 |
||